Voňavá knížka - první slova : otevři a přivoň /

Hlavní autor: Phillips, Sarah
Jazyk: Čeština
Vydáno: Praha : Fragment, 2007
Vydání: 1. vyd.
Edice: Voňavé knížky
Témata:
Fyzický popis: [10] s. : vše barev. il. ; 21 cm
Knihy
Uloženo v:
LEADER 01363nam a2200421 a 4500
001 nkc20071762916
003 CZ PrNK
005 20200505145502.0
007 ta
008 071227s2007 xr a a 000 u cze
015 |a cnb001762916 
020 |a 978-80-253-0527-0  |q (váz.) 
035 |a (OCoLC)228597615 
040 |a ABA001  |b cze 
041 1 |a cze  |h eng 
072 7 |a 821-93-053.4  |x Literatura pro nejmenší děti  |2 Konspekt  |9 26 
080 |a 821-93-053.4  |2 MRF 
080 |a (0.025.2)  |2 MRF 
100 1 |a Phillips, Sarah  |7 mzk2005300548  |4 aut 
245 1 0 |a Voňavá knížka - první slova :  |b otevři a přivoň /  |c [Sarah Phillips] 
246 3 0 |a První slova 
250 |a 1. vyd. 
260 |a Praha :  |b Fragment,  |c 2007 
300 |a [10] s. :  |b vše barev. il. ;  |c 21 cm 
490 1 |a Voňavé knížky 
500 |a Přeloženo z angličtiny 
500 |a Kartonové listy 
521 8 |a Pro děti od 1 roku 
655 7 |a leporela  |7 fd132727  |2 czenas 
655 7 |a publikace pro nejmenší děti  |7 fd1060157  |2 czenas 
655 9 |a folding picture-books  |2 eczenas 
655 9 |a publications for small children  |2 eczenas 
830 0 |a Voňavé knížky  |0 s 
910 2 |a BOA001  |b 2-1190.942 
990 |a BK 
995 |a 01 
991 |b 200801 
996 6 |b 2610327781  |c 2-1190.942  |l MZK  |r Sklad / do 1 hodiny  |n 2  |p p.v.  |w 001058392  |u 000010  |a 1  |e BOA001  |j MZK50  |s P